000 00316nam a22001457a 4500
008 230124b ||||| |||| 00| 0 eng d
020 _a9781305117860
041 _aeng
080 _27 EDITION
_a51
082 _a51LAR
100 _a22
101 _aMATE
245 _aCOLLEGE ALGEBRA
_cLARSON R
942 _2udc
_cBK
999 _c59268
_d59268